|
|
|
|
| LEADER |
00000nam0a2200000 4500 |
| 001 |
334488 |
| 005 |
20231102004647.0 |
| 035 |
|
|
|a (RuTPU)RU\TPU\book\360734
|
| 090 |
|
|
|a 334488
|
| 100 |
|
|
|a 20170829d2002 k y0rusy50 ca
|
| 101 |
0 |
|
|a rus
|
| 102 |
|
|
|a RU
|
| 105 |
|
|
|a y z 100zy
|
| 200 |
1 |
|
|a Материалы XXVII сессии совета (11-15 марта 2002 г.)
|f Российская академия наук (РАН), Отделение физикохимии и технологии неорганических материалов, Научный совет по аналитической химии
|
| 210 |
|
|
|a Москва
|d 2002
|
| 215 |
|
|
|a 37 с.
|
| 606 |
1 |
|
|a Аналитическая химия
|2 stltpush
|3 (RuTPU)RU\TPU\subj\67454
|9 83247
|
| 610 |
1 |
|
|a научно-организационная деятельность
|
| 610 |
1 |
|
|a всероссийские конференции
|
| 610 |
1 |
|
|a региональные семинары
|
| 610 |
1 |
|
|a библиотека А. Г. Стромберга
|
| 675 |
|
|
|a 543(063)
|v 4
|
| 712 |
0 |
2 |
|a Российская академия наук (РАН)
|b Отделение физикохимии и технологии неорганических материалов
|b Научный совет по аналитической химии
|c (Москва)
|c (1991- )
|2 stltpush
|3 (RuTPU)RU\TPU\col\51
|
| 801 |
|
1 |
|a RU
|b 63413507
|c 20170829
|
| 801 |
|
2 |
|a RU
|b 63413507
|c 20170919
|g RCR
|
| 942 |
|
|
|c BK
|